| 000 | 00606nam 22002053 4500 | ||
|---|---|---|---|
| 001 | 199479 | ||
| 010 | _a978-972-20-6430-9 | ||
| 021 | _b435672/17 | ||
| 090 | _a199479 | ||
| 100 | _a20251210d u||y0pory50 ba | ||
| 200 |
_aQuerida Ijeawele _ecomo educar para o feminismo _fChimamanda Ngozi Adichie |
||
| 205 | _a1ª | ||
| 210 |
_aAlfragide _cPublicações Dom Quixote _d2018 |
||
| 215 |
_a93 p. _cbrochado _d18 cm |
||
| 606 |
_92920 _aLiteratura Nigeriana |
||
| 675 |
_a821.111(669)-6 _vPT _zpor |
||
| 700 |
_915329 _aAdichie _bChimanda Ngozi |
||
| 801 |
_aPT _bBMMN _gRPC |
||
| 830 |
_cFernando _fFernando |
||
| 990 | _cLIVROS | ||